| 000 | 00521nam a2200193Ia 4500 | ||
|---|---|---|---|
| 005 | 20250508165613.0 | ||
| 008 | 008 250505s9999 xx 000 0 eng d | ||
| 037 | _aTextual | ||
| 040 |
_aFEDL _beng _cFEDL |
||
| 041 |
_aeng _2eng |
||
| 084 |
_a006.3, MCA _qFEDL |
||
| 100 |
_aMcallister Mick _9781348 |
||
| 245 | 0 | _aIllustrated turbo prolog | |
| 260 |
_aNew Delhi, India _bBPB Publications _c1989 |
||
| 300 | _aix, 413 | ||
| 365 |
_aINR _b75 |
||
| 942 |
_cTEXL _h006.3, MCA |
||
| 999 |
_c1396138 _d1396138 |
||